Longest Named Countries per Letter Quiz Stats

Quiz not verified by Sporcle

Challenge
Share
Tweet
Embed
Score 0/24 Timer 05:00
0 Plays Today
Letter Country % Correct
YYemen
97.9%
ZZimbabwe
97.9%
QQatar
95.8%
DDemocratic Republic of the Congo
95.1%
UUAE
95.1%
I Indonesia
92.3%
OOman
92.3%
AAntigua and Barbuda
91.6%
KKazakhstan or Kyrgyzstan
91.6%
VVatican City
88.8%
FFinland
86%
JJamaica
85.3%
Letter Country % Correct
BBosnia and Herzegovina
83.9%
HHonduras
83.9%
RRepublic of the Congo
81.1%
TTrinidad and Tobago
81.1%
PPapua New Guinea
80.5%
SSt Vincent and the Grenadines
79.7%
EEquatorial Guinea
79%
CCentral African Republic
78.3%
LLiechtenstein
77.6%
MMarshall Islands
76.9%
GGuinea Bissau
74.1%
NNetherlands
60.8%

You're not logged in!

Compare scores with friends on all Sporcle quizzes.
Sign Up with Email
OR
Log In

You Might Also Like...

Show Comments

Extras

Top Quizzes Today


Score Distribution

Your Account Isn't Verified!

In order to create a playlist on Sporcle, you need to verify the email address you used during registration. Go to your Sporcle Settings to finish the process.

Report this User

Report this user for behavior that violates our Community Guidelines.

Details: